000 00343 a2200157 4500
001 165612
020 _a
040 _cMagnum
100 _aLeite, Luci Banks Et Al.
240 1 0 _aPiaget e a escola de genebra
_lpor
245 1 0 _aPiaget e a escola de genebra
362 0 _a1899
440 1 _aCortez
697 _aPSICOLOGIA
942 _cBK
999 _c165612
_d165612